Riconosci il Pokémon - Quiz n°629 - Statistics

Statistiche generali
  • Questo quiz è stato fatto 3 volte
  • Il punteggio medio è 7 su 10
Statistiche sulle risposte
Indizio Riposta % Corretto
Tipo Normale / Volante
100%
Generazione Prima
100%
Stadio evoluzione Prima evoluzione
100%
Altezza 1,1 m
50%
Tasso di cattura 120 (24.9%)
50%
Peso 30,0 kg
50%
Sesso 50% ♂, 50% ♀
50%
Tasso di allevamento Medio-Lento
50%
Pokémon Pidgeotto
50%
Abilità Sguardofermo; Intricopiedi; Pettinfuori
50%
Nessun quiz corrispondente trovato
Distribuzione punteggi
Percentuale di utenti per punteggio
Percentile per numero di risposta
I tuoi punteggi nel tempo
Non hai fatto questo quiz